<?xml version="1.0" encoding="UTF-8"?>
<record
    xmlns:xsi="http://www.w3.org/2001/XMLSchema-instance"
    xsi:schemaLocation="http://www.loc.gov/MARC21/slim http://www.loc.gov/standards/marcxml/schema/MARC21slim.xsd"
    xmlns="http://www.loc.gov/MARC21/slim">

  <leader>00870nam a22002417a 4500</leader>
  <controlfield tag="005">20231226164450.0</controlfield>
  <datafield tag="010" ind1=" " ind2=" ">
    <subfield code="a">ENG-138746 ENG-138740 ENG-138741</subfield>
  </datafield>
  <datafield tag="020" ind1=" " ind2=" ">
    <subfield code="a">9789390897339 (Set Of 3)</subfield>
    <subfield code="c">4000.00</subfield>
  </datafield>
  <datafield tag="035" ind1=" " ind2=" ">
    <subfield code="a">EN-122278</subfield>
  </datafield>
  <datafield tag="035" ind1=" " ind2=" ">
    <subfield code="a">EN-122272</subfield>
  </datafield>
  <datafield tag="035" ind1=" " ind2=" ">
    <subfield code="a">EN-122273</subfield>
  </datafield>
  <datafield tag="037" ind1=" " ind2=" ">
    <subfield code="b">DBAD/PUB</subfield>
  </datafield>
  <datafield tag="082" ind1=" " ind2=" ">
    <subfield code="a">370.954</subfield>
    <subfield code="2">1</subfield>
  </datafield>
  <datafield tag="100" ind1=" " ind2=" ">
    <subfield code="a">Sahu, Parikshit</subfield>
    <subfield code="9">60242</subfield>
  </datafield>
  <datafield tag="245" ind1=" " ind2=" ">
    <subfield code="a">Education in Modern India:</subfield>
    <subfield code="c">By Parikshit Sahu</subfield>
    <subfield code="b">Evolution And Evalution/</subfield>
  </datafield>
  <datafield tag="250" ind1=" " ind2=" ">
    <subfield code="a">1</subfield>
  </datafield>
  <datafield tag="260" ind1=" " ind2=" ">
    <subfield code="a">New Delhi</subfield>
    <subfield code="b">Neelkamal Publications Pvt. Ltd</subfield>
    <subfield code="c">2023</subfield>
  </datafield>
  <datafield tag="270" ind1=" " ind2=" ">
    <subfield code="a">4761/1, 23, Ansari Road, Daryaganj</subfield>
    <subfield code="b">New Delhi</subfield>
    <subfield code="e">110002</subfield>
    <subfield code="m">neelkamalbooks@gmail.com</subfield>
    <subfield code="k">011-23244237</subfield>
    <subfield code="k">9811828953</subfield>
  </datafield>
  <datafield tag="300" ind1=" " ind2=" ">
    <subfield code="a">xxiii+913p.</subfield>
    <subfield code="b">INDEX</subfield>
    <subfield code="c">25cm(hbk)</subfield>
  </datafield>
  <datafield tag="490" ind1=" " ind2=" ">
    <subfield code="a">Set of 3</subfield>
    <subfield code="v">Vol,1 Vol,2,Vol.3</subfield>
  </datafield>
  <datafield tag="500" ind1=" " ind2=" ">
    <subfield code="a">A Source Book for Teachers, Education and Policymakers</subfield>
  </datafield>
  <datafield tag="942" ind1=" " ind2=" ">
    <subfield code="2">ddc</subfield>
    <subfield code="c">EN</subfield>
    <subfield code="h">370.954</subfield>
    <subfield code="m">SAH</subfield>
    <subfield code="e">1</subfield>
  </datafield>
  <datafield tag="999" ind1=" " ind2=" ">
    <subfield code="c">199816</subfield>
    <subfield code="d">199816</subfield>
  </datafield>
  <datafield tag="952" ind1=" " ind2=" ">
    <subfield code="0">0</subfield>
    <subfield code="1">0</subfield>
    <subfield code="3">VOL-1</subfield>
    <subfield code="4">0</subfield>
    <subfield code="7">0</subfield>
    <subfield code="8">NFIC</subfield>
    <subfield code="a">AV</subfield>
    <subfield code="b">AV</subfield>
    <subfield code="d">2023-12-26</subfield>
    <subfield code="e">DBAD/PUB</subfield>
    <subfield code="g">1333.33</subfield>
    <subfield code="l">0</subfield>
    <subfield code="o">370.954 SAH</subfield>
    <subfield code="p">EN-122278</subfield>
    <subfield code="r">2023-12-26 00:00:00</subfield>
    <subfield code="t">1</subfield>
    <subfield code="v">1333.33</subfield>
    <subfield code="w">2023-12-26</subfield>
    <subfield code="y">EN</subfield>
  </datafield>
  <datafield tag="952" ind1=" " ind2=" ">
    <subfield code="0">0</subfield>
    <subfield code="1">0</subfield>
    <subfield code="3">Vol-2</subfield>
    <subfield code="4">0</subfield>
    <subfield code="7">0</subfield>
    <subfield code="8">NFIC</subfield>
    <subfield code="a">AV</subfield>
    <subfield code="b">AV</subfield>
    <subfield code="d">2023-12-26</subfield>
    <subfield code="e">DBAD/PUB</subfield>
    <subfield code="g">1333.33</subfield>
    <subfield code="l">0</subfield>
    <subfield code="o">370.954 SAH</subfield>
    <subfield code="p">EN-122273</subfield>
    <subfield code="r">2023-12-26 00:00:00</subfield>
    <subfield code="t">1</subfield>
    <subfield code="v">1333.33</subfield>
    <subfield code="w">2023-12-26</subfield>
    <subfield code="y">EN</subfield>
  </datafield>
  <datafield tag="952" ind1=" " ind2=" ">
    <subfield code="0">0</subfield>
    <subfield code="1">0</subfield>
    <subfield code="3">Vol-3</subfield>
    <subfield code="4">0</subfield>
    <subfield code="7">0</subfield>
    <subfield code="8">NFIC</subfield>
    <subfield code="a">AV</subfield>
    <subfield code="b">AV</subfield>
    <subfield code="d">2023-12-26</subfield>
    <subfield code="e">DBAD/PUB</subfield>
    <subfield code="g">1333.33</subfield>
    <subfield code="l">0</subfield>
    <subfield code="o">370.954 SAH</subfield>
    <subfield code="p">EN-122272</subfield>
    <subfield code="r">2023-12-26 00:00:00</subfield>
    <subfield code="t">1</subfield>
    <subfield code="v">1333.33</subfield>
    <subfield code="w">2023-12-26</subfield>
    <subfield code="y">EN</subfield>
  </datafield>
</record>
